[Event "First Saturday 2010 julius IM-A"]
[Site "Budapest"]
[Date "2010.07.09"]
[Round "7"]
[White "Virag, Attila Aba"]
[Black "Szalanczy, Emil"]
[Result "0-1"]
[WhiteElo "2254"]
[BlackElo "2272"]
[PlyCount "106"]
[EventDate "2010.07.03"]

1. e4 c5 2. Nf3 d6 3. d4 cxd4 4. Nxd4 Nf6 5. Nc3 g6 6. Be3 Bg7 7. f3 Nc6 8. Qd2
O-O 9. O-O-O d5 10. Qe1 e5 11. Nxc6 bxc6 12. exd5 Nxd5 13. Bc4 Be6 14. Ne4 Qb8
15. Bc5 Re8 16. g4 h6 17. h4 a5 18. g5 h5 19. Qf2 a4 20. Bd6 Qb7 21. Qc5 Reb8
22. Qa3 Qb6 23. Bxb8 Rxb8 24. Bxd5 cxd5 25. Nf6+ Bxf6 26. gxf6 d4 27. Rhe1 Qb5
28. Rd2 Bf5 29. f4 exf4 30. Rxd4 f3 31. c4 Qb6 32. Rd2 Rc8 33. Qc3 Qc7 34. Re5
Bg4 35. c5 Qc6 36. Qd4 a3 37. b3 Kh7 38. Qc4 Qxf6 39. Qd4 Qxh4 40. Qf4 Kg7 41.
b4 Qh1+ 42. Kc2 Qa1 43. Kb3 Rc6 44. b5 Rf6 45. Qe3 f2 46. Rxf2 Rxf2 47. Qxf2
Qxe5 48. Ka4 Qc3 49. Qg1 Bf3 50. c6 h4 51. c7 h3 52. Qa1 Qxa1 53. c8=Q h2 0-1

[Event "First Saturday 2010 julius IM-A"]
[Site "Budapest"]
[Date "2010.07.09"]
[Round "7"]
[White "Adams, Nick A"]
[Black "Lengyel, Bela"]
[Result "1-0"]
[WhiteElo "2244"]
[BlackElo "2251"]
[PlyCount "139"]
[EventDate "2010.07.03"]

1. c4 e5 2. Nc3 Nf6 3. Nf3 Nc6 4. e4 Bb4 5. d3 d6 6. g3 Bc5 7. h3 Be6 8. Bg2
O-O 9. O-O Nd4 10. Nxd4 Bxd4 11. Kh2 c6 12. f4 h6 13. Ne2 Bb6 14. Rb1 Qe7 15.
b3 a5 16. Ba3 Bc5 17. Bb2 Bd7 18. Qc2 Rfe8 19. Rbe1 Bb4 20. Bc3 c5 21. Rb1 b5
22. Bb2 a4 23. a3 axb3 24. Qxb3 bxc4 25. dxc4 Ba4 26. Qd3 Ba5 27. Bc3 Bc7 28.
Bd2 Bc6 29. f5 Ra7 30. Rb3 Qd8 31. Nc3 Ba5 32. Rfb1 Qa8 33. Nb5 Bxb5 34. Rxb5
Bc7 35. R1b3 Qc6 36. Bf3 Rea8 37. g4 Kf8 38. Bc1 Ke7 39. Kg2 Nd7 40. Qb1 Ra4
41. Be2 Nf6 42. Bd3 Kd7 43. Qc2 R4a7 44. Qe2 Rh8 45. Qf3 Qa8 46. Qe2 Ng8 47.
Qb2 Kc8 48. Bd2 Ne7 49. Bc3 f6 50. Bc2 h5 51. Qc1 hxg4 52. hxg4 Nc6 53. Bb2 Nd4
54. Bxd4 exd4 55. Rg3 d5 56. cxd5 Bxg3 57. Kxg3 Ra5 58. Rb3 Qa7 59. e5 fxe5 60.
Be4 Rh6 61. g5 Rd6 62. Kg4 Qa6 63. Bd3 Qa8 64. Be4 Kc7 65. Qf1 Rxa3 66. Rxa3
Qxa3 67. f6 gxf6 68. g6 Qe3 69. Qf5 c4 70. Kh5 {Time} 1-0

[Event "First Saturday 2010 julius IM-A"]
[Site "Budapest"]
[Date "2010.07.09"]
[Round "7"]
[White "Qu, Yanqiao"]
[Black "Kahn, Evart dr"]
[Result "0-1"]
[WhiteElo "2149"]
[BlackElo "2250"]
[PlyCount "60"]
[EventDate "2010.07.03"]

1. e4 c5 2. Nf3 d6 3. d4 cxd4 4. Nxd4 Nf6 5. Nc3 g6 6. Be3 Bg7 7. Be2 O-O 8.
O-O Nbd7 9. a4 Re8 10. f3 a6 11. a5 b5 12. axb6 Nxb6 13. Na4 Nxa4 14. Rxa4 e5
15. Nb3 d5 16. Nc5 dxe4 17. Qxd8 Rxd8 18. fxe4 Ng4 19. Bg5 f6 20. Bc1 Bf8 21.
Ra5 f5 22. exf5 gxf5 23. Bc4+ Kh8 24. Ne6 Bxe6 25. Bxe6 Bb4 26. h3 Bxa5 27.
hxg4 f4 28. c3 Rd6 29. Bc4 Bb6+ 30. Kh2 Rh6# 0-1

[Event "First Saturday 2010 julius IM-A"]
[Site "Budapest"]
[Date "2010.07.09"]
[Round "7"]
[White "Farago, Sandor"]
[Black "Martini, Balazs"]
[Result "1-0"]
[WhiteElo "2243"]
[BlackElo "2310"]
[PlyCount "63"]
[EventDate "2010.07.03"]

1. e4 c5 2. Nf3 Nc6 3. d4 cxd4 4. Nxd4 Nf6 5. Nc3 e5 6. Ndb5 d6 7. a4 a6 8. Na3
Bg4 9. f3 Be6 10. Bc4 Rc8 11. Bg5 Na5 12. Bd5 Qb6 13. Qc1 Nxd5 14. exd5 Bd7 15.
Be3 Qb4 16. O-O Be7 17. Qd2 Qxb2 18. Ne4 Nc4 19. Nxc4 Rxc4 20. Rfc1 f5 21. Rab1
Qa3 22. Rb3 Qxa4 23. Nc3 Qa5 24. Bb6 Bd8 25. Bxa5 Bxa5 26. Qd3 b5 27. Ra1 Rd4
28. Rxa5 Rxd3 29. cxd3 Bc8 30. Na2 Kd7 31. Nb4 Bb7 32. Rc3 1-0

[Event "First Saturday 2010 julius IM-A"]
[Site "Budapest"]
[Date "2010.07.10"]
[Round "8"]
[White "Kahn, Evart dr"]
[Black "Tran, Tuan Minh"]
[Result "1/2-1/2"]
[WhiteElo "2250"]
[BlackElo "2244"]
[PlyCount "58"]
[EventDate "2010.07.03"]

1. d4 e6 2. c4 Nf6 3. Nf3 b6 4. a3 Bb7 5. Bg5 Be7 6. Nc3 O-O 7. Qc2 h6 8. Bh4
d6 9. e3 Nbd7 10. Bd3 c5 11. b4 cxd4 12. exd4 Rc8 13. O-O Nh5 14. Bg3 Nxg3 15.
hxg3 a6 16. Qe2 Nf6 17. Rac1 Qc7 18. d5 e5 19. Nh4 g6 20. f4 exf4 21. Rxf4 Nh5
22. Nxg6 fxg6 23. Qe6+ Kh8 24. Qxg6 Bg5 25. Qxh5 Bxf4 26. gxf4 Qg7 27. f5 Qd4+
28. Kh1 Qxd3 29. Qxh6+ Kg8 1/2-1/2

[Event "First Saturday 2010 julius IM-A"]
[Site "Budapest"]
[Date "2010.07.10"]
[Round "8"]
[White "Lengyel, Bela"]
[Black "Qu, Yanqiao"]
[Result "0-1"]
[WhiteElo "2251"]
[BlackElo "2149"]
[PlyCount "62"]
[EventDate "2010.07.03"]

1. e4 c5 2. Nf3 Nc6 3. d4 cxd4 4. Nxd4 Qc7 5. Nc3 e6 6. Be2 a6 7. a3 Nf6 8. O-O
Be7 9. Kh1 O-O 10. f4 d6 11. Bf3 Re8 12. Nde2 b6 13. g4 Bb7 14. g5 Nd7 15. Bg2
Bf8 16. f5 Nde5 17. Ng3 g6 18. f6 Rad8 19. Bf4 Na5 20. Nge2 b5 21. Qe1 Nac4 22.
b3 Nxa3 23. Rxa3 b4 24. Ra2 bxc3 25. Nxc3 Rc8 26. Ne2 a5 27. Qg3 a4 28. Rxa4
Qxc2 29. Nd4 Qb2 30. Qf2 Qxf2 31. Rxf2 Nd3 0-1

[Event "First Saturday 2010 julius IM-A"]
[Site "Budapest"]
[Date "2010.07.10"]
[Round "8"]
[White "Szalanczy, Emil"]
[Black "Adams, Nick A"]
[Result "0-1"]
[WhiteElo "2272"]
[BlackElo "2244"]
[PlyCount "118"]
[EventDate "2010.07.03"]

1. e4 c6 2. d4 d5 3. Nc3 dxe4 4. Nxe4 Nf6 5. Nxf6+ exf6 6. Bc4 Qe7+ 7. Qe2 Be6
8. Bb3 a5 9. Bd2 a4 10. Bxe6 Qxe6 11. O-O-O Bd6 12. Re1 Kd7 13. c4 b5 14. c5
Qxe2 15. Nxe2 Be7 16. Ng3 Na6 17. Nf5 Bf8 18. Re4 g6 19. Ne3 f5 20. Rf4 Bh6 21.
Rf3 Bxe3 22. fxe3 Rhf8 23. Rhf1 Rae8 24. g4 fxg4 25. Rxf7+ Rxf7 26. Rxf7+ Re7
27. Rf6 Re6 28. Rf4 h5 29. e4 Nc7 30. Ba5 Ne8 31. e5 Ng7 32. Kd2 Nf5 33. Kd3
Re8 34. Ke4 g3 35. hxg3 Nxg3+ 36. Kd3 Nf5 37. Be1 Ke6 38. Ke4 Rd8 39. Bf2 Rf8
40. Bh4 Rf7 41. Bf6 Rd7 42. Kd3 Rh7 43. Bh4 Nxh4 44. Rf6+ Kd7 45. d5 cxd5 46.
Ra6 Re7 47. c6+ Ke6 48. Kd4 Rc7 49. Kc5 Nf5 50. Kb6 Rc8 51. Kb7 Ne7 52. c7+
Kxe5 53. Rb6 h4 54. Rxb5 g5 55. Rb6 g4 56. Rh6 h3 57. Rh7 Re8 58. b4 axb3 59.
axb3 d4 0-1

[Event "First Saturday 2010 julius IM-A"]
[Site "Budapest"]
[Date "2010.07.10"]
[Round "8"]
[White "Lyell, Mark"]
[Black "Virag, Attila Aba"]
[Result "1/2-1/2"]
[WhiteElo "2162"]
[BlackElo "2254"]
[PlyCount "84"]
[EventDate "2010.07.03"]

1. e4 c5 2. Nc3 g6 3. f4 Bg7 4. Nf3 Nc6 5. Bb5 Nd4 6. O-O a6 7. Bd3 e6 8. e5
Nxf3+ 9. Qxf3 d5 10. exd6 Qxd6 11. b3 Ne7 12. Bb2 Qd8 13. Kh1 O-O 14. Nd1 Bd7
15. Bxg7 Kxg7 16. Be4 Bc6 17. d3 Nd5 18. Ne3 f5 19. Bxd5 exd5 20. Qg3 Qf6 21.
Rae1 b5 22. Nd1 Rfe8 23. Re5 Ra7 24. Rfe1 Rae7 25. d4 cxd4 26. Nb2 Rxe5 27.
fxe5 Qe7 28. Nd3 Bd7 29. Qf2 Be6 30. Qxd4 Rc8 31. c3 Qc7 32. Nf4 Kf7 33. Rd1
Qc6 34. h3 g5 35. Nxe6 Kxe6 36. g4 Rf8 37. Kg1 f4 38. c4 dxc4 39. bxc4 f3 40.
cxb5 axb5 41. Kf2 Rf4 42. Qe3 Qc7 1/2-1/2

[Event "First Saturday 2010 julius IM-A"]
[Site "Budapest"]
[Date "2010.07.11"]
[Round "9"]
[White "Adams, Nick A"]
[Black "Lyell, Mark"]
[Result "1/2-1/2"]
[WhiteElo "2244"]
[BlackElo "2162"]
[PlyCount "87"]
[EventDate "2010.07.03"]

1. d4 Nf6 2. c4 e6 3. Nc3 Bb4 4. e3 b6 5. Bd3 Bb7 6. f3 O-O 7. Nge2 d5 8. a3
Bd6 9. O-O c5 10. Bd2 Nc6 11. Rc1 cxd4 12. exd4 dxc4 13. Bxc4 Rc8 14. Ba2 h6
15. Kh1 Ne7 16. Nb5 Rxc1 17. Bxc1 Nfd5 18. Nxd6 Qxd6 19. Bd2 Ba6 20. Re1 Rc8
21. Bxd5 Nxd5 22. Nc3 Nxc3 23. Bxc3 Qd5 24. Re5 Qc4 25. h3 Rd8 26. Re1 Bb7 27.
Qc1 Qc7 28. Qe3 Rd5 29. Qf2 Qf4 30. Re5 Rxe5 31. dxe5 g5 32. Qd4 Qxd4 33. Bxd4
Kf8 34. Kh2 Ke7 35. h4 gxh4 36. Kh3 Ba6 37. Kxh4 Bf1 38. g3 Be2 39. f4 Kd7 40.
Bc3 Kc6 41. Bb4 Kd5 42. Bf8 Kc4 43. Bxh6 Kb3 44. f5 {Fter 12 move} 1/2-1/2

[Event "First Saturday 2010 julius IM-A"]
[Site "Budapest"]
[Date "2010.07.11"]
[Round "9"]
[White "Qu, Yanqiao"]
[Black "Szalanczy, Emil"]
[Result "1-0"]
[WhiteElo "2149"]
[BlackElo "2272"]
[PlyCount "105"]
[EventDate "2010.07.03"]

1. e4 c5 2. Nf3 d6 3. d4 cxd4 4. Nxd4 Nf6 5. Nc3 g6 6. f4 Nc6 7. Nxc6 bxc6 8.
e5 Nd7 9. Qf3 d5 10. Be3 Bg7 11. O-O-O Qa5 12. Qf2 e6 13. a3 f6 14. exf6 Bxf6
15. Bd4 O-O 16. Bxf6 Rxf6 17. Qe1 Qc7 18. g3 e5 19. Bh3 e4 20. Bxd7 Bxd7 21.
Qe3 Kg7 22. h4 Bg4 23. Rd2 Qb6 24. Re1 Rb8 25. Na4 Qxe3 26. Rxe3 h6 27. c4 Rf5
28. Nc3 dxc4 29. Rxe4 Rc5 30. Rdd4 Kf7 31. Rxc4 Rxc4 32. Rxc4 Bf3 33. Rc5 Re8
34. Kd2 Kf6 35. b4 Re7 36. a4 Rb7 37. Ke3 Bh1 38. b5 cxb5 39. axb5 Bg2 40. g4
Kf7 41. Kd4 Bf3 42. g5 Kg7 43. Nd5 Rf7 44. Nf6 Re7 45. Re5 Rf7 46. Kc5 h5 47.
Kd6 Rb7 48. Re7+ Kf8 49. Rxb7 Bxb7 50. Nd7+ Kg7 51. Nb8 Bc8 52. Nc6 a6 53. b6
1-0

[Event "First Saturday 2010 julius IM-A"]
[Site "Budapest"]
[Date "2010.07.11"]
[Round "9"]
[White "Tran, Tuan Minh"]
[Black "Lengyel, Bela"]
[Result "0-1"]
[WhiteElo "2244"]
[BlackElo "2251"]
[PlyCount "52"]
[EventDate "2010.07.03"]

1. d4 d5 2. Nf3 Nf6 3. c4 e6 4. g3 Be7 5. Bg2 O-O 6. O-O c6 7. Qc2 Nbd7 8. Rd1
b6 9. Nc3 Bb7 10. b3 Rc8 11. e4 c5 12. exd5 exd5 13. Bb2 Re8 14. Ne5 cxd4 15.
Nxd7 Qxd7 16. Rxd4 Bc5 17. Rh4 h6 18. cxd5 Ng4 19. Bh3 f5 20. Bxg4 fxg4 21. Qg6
Bd4 22. Rxh6 Rxc3 23. Bxc3 Bxc3 24. Rc1 Bxd5 25. Qh7+ Kf8 26. Rh5 Be4 0-1

[Event "First Saturday 2010 julius IM-A"]
[Site "Budapest"]
[Date "2010.07.11"]
[Round "9"]
[White "Farago, Sandor"]
[Black "Kahn, Evart dr"]
[Result "1/2-1/2"]
[WhiteElo "2243"]
[BlackElo "2250"]
[PlyCount "42"]
[EventDate "2010.07.03"]

1. e4 e5 2. Nf3 Nf6 3. Nxe5 d6 4. Nf3 Nxe4 5. Qe2 Qe7 6. d3 Nf6 7. Qxe7+ Bxe7
8. Bg5 h6 9. Bh4 O-O 10. Nc3 c6 11. Be2 Bg4 12. O-O Bxf3 13. Bxf3 d5 14. Rfe1
Bd8 15. Bg3 Nbd7 16. Bd6 Re8 17. Rxe8+ Nxe8 18. Bg3 Bc7 19. Bxc7 Nxc7 20. Re1
Re8 21. Rxe8+ Nxe8 1/2-1/2

[Event "First Saturday 2010 julius IM-A"]
[Site "Budapest"]
[Date "2010.07.11"]
[Round "9"]
[White "Martini, Balazs"]
[Black "Berczes, Csaba"]
[Result "1/2-1/2"]
[WhiteElo "2310"]
[BlackElo "2406"]
[PlyCount "36"]
[EventDate "2010.07.03"]

1. d4 Nf6 2. Nf3 e6 3. Bf4 c5 4. c3 Nc6 5. e3 Be7 6. h3 O-O 7. Nbd2 cxd4 8.
exd4 b6 9. Bd3 Bb7 10. O-O d6 11. Qe2 Re8 12. Rad1 Rc8 13. Ba6 Bxa6 14. Qxa6
Qd7 15. Rfe1 Bf8 16. Qa4 Ne5 17. Qxd7 Nxf3+ 18. Nxf3 Nxd7 1/2-1/2

[Event "First Saturday 2010 julius IM-A"]
[Site "Budapest"]
[Date "2010.07.12"]
[Round "10"]
[White "Kahn, Evart dr"]
[Black "Martini, Balazs"]
[Result "1/2-1/2"]
[WhiteElo "2250"]
[BlackElo "2310"]
[PlyCount "44"]
[EventDate "2010.07.03"]

1. d4 Nf6 2. c4 g6 3. Nc3 Bg7 4. e4 d6 5. f3 O-O 6. Be3 Nc6 7. Nge2 e5 8. d5
Ne7 9. Ng3 Ne8 10. Bd3 f5 11. Bg5 h6 12. Bxe7 Qxe7 13. Qc2 f4 14. Nge2 g5 15.
O-O-O g4 16. Kb1 gxf3 17. gxf3 Bh3 18. Rhg1 Kh7 19. Nc1 Nf6 20. Bf1 Bxf1 21.
Rdxf1 Rg8 22. Rg2 Bf8 1/2-1/2

[Event "First Saturday 2010 julius IM-A"]
[Site "Budapest"]
[Date "2010.07.12"]
[Round "10"]
[White "Lengyel, Bela"]
[Black "Farago, Sandor"]
[Result "1/2-1/2"]
[WhiteElo "2251"]
[BlackElo "2243"]
[PlyCount "34"]
[EventDate "2010.07.03"]

1. e4 c5 2. Nf3 d6 3. d4 cxd4 4. Nxd4 Nf6 5. Nc3 g6 6. Be2 Bg7 7. O-O O-O 8.
Kh1 Nc6 9. Nb3 a6 10. Be3 Be6 11. f4 Qc8 12. Bf3 Bg4 13. Bg1 Bxf3 14. Qxf3 Rd8
15. Nd5 Nxd5 16. exd5 Nb4 17. c3 a5 1/2-1/2

[Event "First Saturday 2010 julius IM-A"]
[Site "Budapest"]
[Date "2010.07.12"]
[Round "10"]
[White "Szalanczy, Emil"]
[Black "Tran, Tuan Minh"]
[Result "1/2-1/2"]
[WhiteElo "2272"]
[BlackElo "2244"]
[PlyCount "90"]
[EventDate "2010.07.03"]

1. e4 e6 2. d4 d5 3. Nc3 Bb4 4. e5 b6 5. Nh3 Qd7 6. Nf4 g6 7. h4 h5 8. Nd3 Be7
9. g4 Bb7 10. gxh5 Rxh5 11. Qg4 Nh6 12. Bxh6 Rxh6 13. h5 Nc6 14. hxg6 Rxg6 15.
Rh8+ Bf8 16. Qh4 Qe7 17. Qxe7+ Kxe7 18. Nf4 Rh6 19. Ncxd5+ exd5 20. Nxd5+ Kd7
21. Bh3+ Rxh3 22. Rxh3 Nxd4 23. O-O-O c5 24. Nf4 Ke7 25. c3 Ne6 26. Nxe6 Kxe6
27. f4 Be4 28. Rh8 Be7 29. Rxa8 Bxa8 30. Kd2 c4 31. Rg1 Kf5 32. b4 Kxf4 33. e6
fxe6 34. Rg7 Bg5 35. Rxa7 Kf3+ 36. Kd1 Bd5 37. a4 Ke3 38. a5 bxa5 39. bxa5 Kd3
40. a6 Bd2 41. Rd7 Be3 42. a7 Bxa7 43. Rxa7 Kxc3 44. Kc1 Kd3 45. Rh7 e5 1/2-1/2

[Event "First Saturday 2010 julius IM-A"]
[Site "Budapest"]
[Date "2010.07.12"]
[Round "10"]
[White "Lyell, Mark"]
[Black "Qu, Yanqiao"]
[Result "1-0"]
[WhiteElo "2162"]
[BlackElo "2149"]
[PlyCount "125"]
[EventDate "2010.07.03"]

1. e4 c5 2. Nc3 e6 3. f4 a6 4. d3 Nc6 5. Nf3 d5 6. Be2 Nf6 7. O-O Be7 8. Qe1
O-O 9. e5 Ne8 10. b3 g6 11. Bb2 Ng7 12. g4 f6 13. Qg3 Bd7 14. Rae1 fxe5 15.
fxe5 Nd4 16. Bd1 Rxf3 17. Bxf3 Bh4 18. Qg2 Bxe1 19. Rxe1 Qh4 20. Rf1 Rf8 21.
Bd1 Rxf1+ 22. Qxf1 Qg5 23. Qf6 Qe3+ 24. Kg2 Qd2+ 25. Qf2 Qg5 26. h4 Qe7 27. Qf6
Qxf6 28. exf6 Ne8 29. Ne2 Nxf6 30. Nxd4 cxd4 31. Bxd4 e5 32. Bxe5 Nxg4 33. Bd4
b5 34. Bf3 Be6 35. Kg3 h5 36. Kf4 Kf7 37. Be2 Bf5 38. c4 Ke6 39. cxb5 axb5 40.
a4 bxa4 41. bxa4 Kd6 42. a5 Ke7 43. Be5 Nf2 44. a6 Bc8 45. a7 Bb7 46. Ke3 Ng4+
47. Kd4 Ke6 48. Bg3 Nf6 49. Bd1 Nd7 50. Ba4 Ba8 51. Bc7 Bb7 52. Bb5 Ba8 53. Ke3
Nc5 54. Kf4 Nb3 55. Be8 Nd4 56. Bxg6 Kf6 57. Be5+ Kxg6 58. Bxd4 Kf7 59. Kg5 Ke6
60. Kxh5 Kf5 61. Kh6 Bc6 62. h5 Kg4 63. Kg6 1-0

[Event "First Saturday 2010 julius IM-A"]
[Site "Budapest"]
[Date "2010.07.12"]
[Round "10"]
[White "Virag, Attila Aba"]
[Black "Adams, Nick A"]
[Result "1/2-1/2"]
[WhiteElo "2254"]
[BlackElo "2244"]
[PlyCount "30"]
[EventDate "2010.07.03"]

1. e4 e5 2. Nf3 Nc6 3. Bb5 a6 4. Ba4 Nf6 5. O-O Nxe4 6. Re1 Nf6 7. Bxc6 dxc6 8.
Nxe5 Be7 9. d4 O-O 10. c3 Be6 11. Bf4 Re8 12. Bg3 Bf8 13. Nd2 h6 14. Ndf3 Nd7
15. Nxd7 Qxd7 1/2-1/2

[Event "First Saturday 2010 julius IM-A"]
[Site "Budapest"]
[Date "2010.07.13"]
[Round "11"]
[White "Qu, Yanqiao"]
[Black "Virag, Attila Aba"]
[Result "1-0"]
[WhiteElo "2149"]
[BlackElo "2254"]
[PlyCount "87"]
[EventDate "2010.07.03"]

1. e4 c5 2. Nf3 Nc6 3. Bb5 e6 4. Bxc6 bxc6 5. O-O Ne7 6. d3 Ng6 7. Ng5 h6 8.
Nh3 Be7 9. Qh5 d6 10. f4 Bf6 11. Nc3 Rb8 12. Nd1 Ba6 13. c4 Bd4+ 14. Kh1 Qh4
15. Qf3 O-O 16. Be3 Qf6 17. Rb1 d5 18. e5 Qd8 19. Rc1 Qa5 20. Qf2 Bxe3 21. Nxe3
d4 22. Nd1 Qxa2 23. Qf3 Bc8 24. Nhf2 Qa5 25. Ne4 Kh8 26. Ndf2 Rxb2 27. Ng4 Qd8
28. Nef6 Ne7 29. Qh3 Nf5 30. Nxh6 Nxh6 31. g4 Qe7 32. g5 Rd8 33. Qh4 Bb7 34.
Rg1 a5 35. Ng4 Kg8 36. Nf6+ Kh8 37. Qh3 a4 38. Ng4 Kg8 39. Nf6+ Kh8 40. Ra1 Ra8
41. g6 Qf8 42. Rg5 fxg6 43. Rag1 Bc8 44. Rxg6 1-0

[Event "First Saturday 2010 julius IM-A"]
[Site "Budapest"]
[Date "2010.07.13"]
[Round "11"]
[White "Farago, Sandor"]
[Black "Szalanczy, Emil"]
[Result "1-0"]
[WhiteElo "2243"]
[BlackElo "2272"]
[PlyCount "61"]
[EventDate "2010.07.03"]

1. e4 c5 2. Nf3 d6 3. c3 Nf6 4. Bb5+ Nbd7 5. Qe2 e6 6. d4 a6 7. Bd3 Qc7 8. O-O
Be7 9. e5 Nd5 10. a3 cxd4 11. c4 N5b6 12. exd6 Bxd6 13. b4 Bf4 14. Bb2 Ne5 15.
c5 Nd5 16. g3 Nxd3 17. Qxd3 Bh6 18. Qxd4 f6 19. Nbd2 O-O 20. Ne4 Bd7 21. Rfe1
Bc6 22. Qc4 Qf7 23. Nd4 e5 24. Nf5 Rad8 25. Rad1 Rd7 26. Ned6 Qe6 27. a4 b5 28.
axb5 axb5 29. Qg4 Kh8 30. Nxh6 Qxg4 31. Nxg4 {after 14 move} 1-0

[Event "First Saturday 2010 julius IM-A"]
[Site "Budapest"]
[Date "2010.07.13"]
[Round "11"]
[White "Martini, Balazs"]
[Black "Lengyel, Bela"]
[Result "1/2-1/2"]
[WhiteElo "2310"]
[BlackElo "2251"]
[PlyCount "54"]
[EventDate "2010.07.03"]

1. d4 d5 2. Bf4 Nf6 3. e3 c5 4. c3 Nc6 5. Nd2 Qb6 6. Qb3 c4 7. Qc2 Bf5 8. Qc1
e6 9. Ngf3 Be7 10. Be2 O-O 11. O-O Rac8 12. Nh4 Be4 13. f3 Bg6 14. Nxg6 hxg6
15. Kh1 Qd8 16. e4 b5 17. a3 a5 18. e5 Nd7 19. Qc2 b4 20. axb4 axb4 21. Ra6 b3
22. Qb1 Ra8 23. Qa1 Rxa6 24. Qxa6 Qa8 25. Ra1 Nb6 26. Qxa8 Rxa8 27. Rxa8+ Nxa8
1/2-1/2

[Event "First Saturday 2010 julius IM-A"]
[Site "Budapest"]
[Date "2010.07.13"]
[Round "11"]
[White "Berczes, Csaba"]
[Black "Kahn, Evart dr"]
[Result "1/2-1/2"]
[WhiteElo "2406"]
[BlackElo "2250"]
[PlyCount "30"]
[EventDate "2010.07.03"]

1. d4 d5 2. c4 e6 3. Nc3 Nf6 4. Bg5 Be7 5. e3 O-O 6. Nf3 Nbd7 7. Rc1 c6 8. Qc2
h6 9. Bxf6 Nxf6 10. a3 a5 11. Bd3 dxc4 12. Bxc4 Nd5 13. Nxd5 exd5 14. Bd3 Bd6
15. h3 Re8 1/2-1/2